000 00272nam a22001097a 4500
008 160512b xxu||||| |||| 00| 0 eng d
020 _a9780470151136
041 _aeng
080 _a61
245 _aGlaciers and landscape:
_cDavid E. Sugden; Brian S. John;
942 _2udc
_cBK
999 _c2077
_d2077